[Event "35 Open Ciudad de San Sebastián"]
[Site "San Sebastian ESP"]
[Date "2012.04.02"]
[Round "4.3"]
[White "Argandona Riveiro, Inigo"]
[Black "Rausis, Igor"]
[Result "1/2-1/2"]
[WhiteElo "2388"]
[BlackElo "2481"]
[PlyCount "41"]
[EventDate "2012.03.31"]
[EventType "swiss"]
[EventRounds "9"]
[EventCountry "ESP"]
[Source "lmi"]
[SourceDate "2012.03.31"]

1. c4 e5 2. g3 c6 3. Qa4 Nf6 4. Bg2 Bc5 5. e3 Qe7 6. Nc3 O-O 7. d3 d5 8. cxd5
cxd5 9. Nxd5 Nxd5 10. Bxd5 Nd7 11. Bf3 Nb6 12. Qh4 Qd6 13. Bd2 a5 14. Bc3 Bf5
15. Rd1 Qe6 16. Be4 Bxe4 17. Qxe4 Bb4 18. Ne2 Qxa2 19. Bxb4 axb4 20. Qxb4 Na4
21. O-O 1/2-1/2

[Event "35 Open Ciudad de San Sebastián"]
[Site "San Sebastian ESP"]
[Date "2012.04.02"]
[Round "4.4"]
[White "Moen, Andreas"]
[Black "Gonzalez Perez, Arian"]
[Result "1/2-1/2"]
[WhiteElo "2360"]
[BlackElo "2468"]
[PlyCount "64"]
[EventDate "2012.03.31"]
[EventType "swiss"]
[EventRounds "9"]
[EventCountry "ESP"]
[Source "lmi"]
[SourceDate "2012.03.31"]

1. e4 e5 2. Nf3 Nc6 3. Bb5 a6 4. Ba4 Nf6 5. O-O Nxe4 6. d4 b5 7. Bb3 d5 8. dxe5
Be6 9. c3 Bc5 10. Nbd2 O-O 11. Qe2 Nxd2 12. Bxd2 Bg4 13. Bf4 Ne7 14. h3 Bh5 15.
Rad1 c6 16. g4 Bg6 17. Nd4 a5 18. Bg5 Qb6 19. f4 a4 20. Bxe7 Bxe7 21. f5 axb3
22. axb3 b4 23. fxg6 fxg6 24. Rxf8+ Rxf8 25. Rf1 c5 26. Rxf8+ Bxf8 27. Qb5 Qa7
28. Ne6 c4+ 29. Kg2 Qe3 30. Qxd5 Qe2+ 31. Kg3 Qe1+ 32. Kg2 Qe2+ 1/2-1/2

[Event "35 Open Ciudad de San Sebastián"]
[Site "San Sebastian ESP"]
[Date "2012.04.02"]
[Round "4.5"]
[White "Spraggett, Kevin"]
[Black "Piasetski, Leon"]
[Result "1-0"]
[WhiteElo "2584"]
[BlackElo "2287"]
[PlyCount "119"]
[EventDate "2012.03.31"]
[EventType "swiss"]
[EventRounds "9"]
[EventCountry "ESP"]
[Source "lmi"]
[SourceDate "2012.03.31"]

1. e4 e6 2. d4 d5 3. e5 b6 4. c3 Qd7 5. Nf3 Ne7 6. Na3 Ba6 7. Bxa6 Nxa6 8. Qe2
Nb8 9. O-O Nf5 10. Nc2 h5 11. Ne3 g6 12. Rd1 Nc6 13. b3 Nce7 14. c4 c6 15. a4
Bg7 16. Ba3 Nxe3 17. fxe3 O-O 18. e4 Rae8 19. Bd6 dxe4 20. Qxe4 f5 21. Qf4 Rf7
22. Rd3 Nc8 23. Ba3 Bf8 24. Bb2 Ne7 25. Rad1 Rh7 26. Ng5 Rh8 27. Qh4 Bh6 28.
Rf1 Bxg5 29. Qxg5 Rh7 30. Ba3 Rg7 31. Rfd1 Kh7 32. h3 Ng8 33. Kh1 Nh6 34. Bb2
Nf7 35. Qe3 Qe7 36. d5 c5 37. dxe6 Qxe6 38. Rd7 a5 39. R1d5 g5 40. Qd3 Kg8 41.
Rb7 Rg6 42. Qc3 g4 43. Rdd7 Rg7 44. h4 g3 45. Qf3 Qg6 46. Kg1 Re6 47. Qf4 Qg4
48. Qxg4 hxg4 49. Re7 Rxe7 50. Rxe7 Nh6 51. Rxg7+ Kxg7 52. e6+ Kf8 53. Bc1 f4
54. Bxf4 Nf5 55. Bg5 Nd4 56. e7+ Kf7 57. h5 Ne6 58. Bh4 Ng7 59. h6 Ne8 60. Bxg3
1-0

[Event "35 Open Ciudad de San Sebastián"]
[Site "San Sebastian ESP"]
[Date "2012.04.02"]
[Round "4.7"]
[White "Pap, Misa"]
[Black "De Wachter, Matthias"]
[Result "1/2-1/2"]
[WhiteElo "2501"]
[BlackElo "2269"]
[PlyCount "84"]
[EventDate "2012.03.31"]
[EventType "swiss"]
[EventRounds "9"]
[EventCountry "ESP"]
[Source "lmi"]
[SourceDate "2012.03.31"]

1. e4 c6 2. d4 d5 3. Nd2 dxe4 4. Nxe4 Bf5 5. Ng3 Bg6 6. h4 h6 7. Nf3 Nd7 8. h5
Bh7 9. Bd3 Bxd3 10. Qxd3 e6 11. Bd2 Ngf6 12. O-O-O Be7 13. Qe2 Qb6 14. Rhe1 O-O
15. Ne5 Rad8 16. Ng6 Rfe8 17. Nxe7+ Rxe7 18. Nf5 Ree8 19. Nd6 Rf8 20. Bf4 c5
21. dxc5 Nxc5 22. Be5 Nd5 23. c4 Nb4 24. Kb1 f6 25. Bg3 e5 26. Nf5 Nbd3 27.
Ne7+ Kf7 28. Nd5 Rxd5 29. cxd5 Nxe1 30. Rxe1 Rd8 31. Qc4 Qd6 32. Rd1 Nd7 33. f3
Nb6 34. Qb3 Nxd5 35. Qxb7+ Rd7 36. Qb3 Ke7 37. Ka1 Qc5 38. Qa4 Rc7 39. a3 Nc3
40. bxc3 Qxc3+ 41. Ka2 Rb7 42. Rb1 Qd2+ 1/2-1/2

[Event "35 Open Ciudad de San Sebastián"]
[Site "San Sebastian ESP"]
[Date "2012.04.02"]
[Round "4.8"]
[White "Stigar, Petter"]
[Black "Tratar, Marko"]
[Result "0-1"]
[WhiteElo "2310"]
[BlackElo "2499"]
[PlyCount "98"]
[EventDate "2012.03.31"]
[EventType "swiss"]
[EventRounds "9"]
[EventCountry "ESP"]
[Source "lmi"]
[SourceDate "2012.03.31"]

1. d4 Nf6 2. c4 e6 3. Nc3 Bb4 4. Qc2 Nc6 5. Nf3 d6 6. Bd2 O-O 7. a3 Bxc3 8.
Bxc3 Re8 9. e3 e5 10. d5 Ne7 11. Bd3 c6 12. dxc6 Nxc6 13. O-O h6 14. Nd2 Be6
15. Rfd1 Qc7 16. Rac1 Bg4 17. Re1 Rad8 18. Ne4 Nxe4 19. Bxe4 Be6 20. Qd3 Ne7
21. Bd5 Bxd5 22. cxd5 Rc8 23. Qd2 Qd7 24. Bb4 Rxc1 25. Rxc1 Rc8 26. Rxc8+ Nxc8
27. e4 f5 28. f3 fxe4 29. fxe4 b6 30. Qc2 Kf7 31. h3 Ne7 32. Kh2 Ng8 33. Qc6
Qxc6 34. dxc6 Ke6 35. Kg3 Ne7 36. c7 Kd7 37. Kf3 Kxc7 38. Ke3 Kc6 39. Kd3 Ng6
40. g3 h5 41. Bd2 Nf8 42. g4 hxg4 43. hxg4 Ne6 44. Be1 Nc5+ 45. Ke3 d5 46.
exd5+ Kxd5 47. Bh4 Na4 48. b3 Nc5 49. b4 Na4 0-1

[Event "35 Open Ciudad de San Sebastián"]
[Site "San Sebastian ESP"]
[Date "2012.04.02"]
[Round "4.10"]
[White "Velten, Paul"]
[Black "Marzolo, Cyril"]
[Result "1/2-1/2"]
[WhiteElo "2310"]
[BlackElo "2441"]
[PlyCount "36"]
[EventDate "2012.03.31"]
[EventType "swiss"]
[EventRounds "9"]
[EventCountry "ESP"]
[Source "lmi"]
[SourceDate "2012.03.31"]

1. d4 g6 2. Nf3 Nf6 3. e3 Bg7 4. Be2 O-O 5. O-O d6 6. c4 c5 7. Nc3 Nc6 8. d5
Na5 9. Qc2 e5 10. e4 Ne8 11. a3 b6 12. b4 Nb7 13. Ne1 Bd7 14. Nd3 cxb4 15. axb4
a5 16. Be3 Rc8 17. Qb3 Qc7 18. Rfc1 axb4 1/2-1/2

[Event "35 Open Ciudad de San Sebastián"]
[Site "San Sebastian ESP"]
[Date "2012.04.02"]
[Round "4.11"]
[White "Anurag, Mhamal"]
[Black "Pogorelov, Ruslan"]
[Result "1-0"]
[WhiteElo "2273"]
[BlackElo "2426"]
[PlyCount "97"]
[EventDate "2012.03.31"]
[EventType "swiss"]
[EventRounds "9"]
[EventCountry "ESP"]
[Source "lmi"]
[SourceDate "2012.03.31"]

1. c4 Nf6 2. g3 e6 3. Bg2 d5 4. Nf3 dxc4 5. Qa4+ c6 6. Qxc4 b5 7. Qc2 Bb7 8.
O-O Nbd7 9. d4 c5 10. a4 b4 11. a5 Rc8 12. dxc5 Bxc5 13. Qd3 e5 14. Ng5 Bxg2
15. Kxg2 h6 16. Ne4 Nxe4 17. Qxe4 O-O 18. Nd2 Nf6 19. Qf5 Re8 20. Kg1 Qd5 21.
Nf3 e4 22. Nh4 Rcd8 23. Bf4 e3 24. Bxe3 Bxe3 25. fxe3 Rxe3 26. Qf2 Qe6 27. Rae1
Rd2 28. Nf5 Rexe2 29. Rxe2 Rxe2 30. Qxa7 Ng4 31. Qd4 Ne5 32. Qd8+ Kh7 33. Nd4
Qc4 34. Nxe2 Qxe2 35. Qd5 f6 36. Qg2 Qb5 37. Qe4+ Kh8 38. Rc1 Kg8 39. Qa8+ Kf7
40. a6 Qe2 41. Rf1 Ng4 42. Qd5+ Kf8 43. Qd8+ Kf7 44. Qd5+ Kg6 45. Qg2 Qe3+ 46.
Kh1 Qd4 47. a7 Qxa7 48. Qe4+ Kh5 49. Qe8+ 1-0

[Event "35 Open Ciudad de San Sebastián"]
[Site "San Sebastian ESP"]
[Date "2012.04.02"]
[Round "4.13"]
[White "Vanparys, Philip"]
[Black "Alonso Arburu, Juan Ignacio"]
[Result "0-1"]
[WhiteElo "2167"]
[BlackElo "2364"]
[PlyCount "30"]
[EventDate "2012.03.31"]
[EventType "swiss"]
[EventRounds "9"]
[EventCountry "ESP"]
[Source "lmi"]
[SourceDate "2012.03.31"]

1. c4 b6 2. Nc3 f5 3. e4 fxe4 4. g3 Nf6 5. Bg2 Bb7 6. d3 e5 7. Nge2 Bc5 8. h3
O-O 9. O-O Qe8 10. dxe4 Qg6 11. Nd5 Bxd5 12. cxd5 Nxe4 13. d6 c6 14. Qb3+ Kh8
15. Be3 Bxd6 0-1

[Event "35 Open Ciudad de San Sebastián"]
[Site "San Sebastian ESP"]
[Date "2012.04.02"]
[Round "4.14"]
[White "Romanishin, Oleg M"]
[Black "Salamero Pelay, Fernando"]
[Result "0-1"]
[WhiteElo "2541"]
[BlackElo "2123"]
[PlyCount "154"]
[EventDate "2012.03.31"]
[EventType "swiss"]
[EventRounds "9"]
[EventCountry "ESP"]
[Source "lmi"]
[SourceDate "2012.03.31"]

1. d4 d5 2. Nf3 Nc6 3. g3 Bg4 4. Bg2 Qd7 5. h3 Bf5 6. c4 e6 7. Nc3 Bb4 8. O-O
Bxc3 9. bxc3 Be4 10. Qb3 O-O-O 11. c5 Nge7 12. Qa3 f6 13. Nd2 Bxg2 14. Kxg2 g5
15. Rb1 h5 16. Nb3 Rdg8 17. Na5 Nxa5 18. Qxa5 Kb8 19. Bd2 h4 20. g4 f5 21. f3
b6 22. Qa6 Qc8 23. Qa3 Rh7 24. Rb3 Kb7 25. Qa4 Rhg7 26. Ra3 Qb8 27. Rb1 c6 28.
cxb6 Qg3+ 29. Kf1 Qxh3+ 30. Kf2 Qh2+ 31. Ke3 axb6 32. Qa6+ Kc7 33. Qxb6+ Kd7
34. Ra7+ Ke8 35. Kd3 Qd6 36. Qa6 Kf7 37. Rbb7 Kf6 38. Rd7 Qb8 39. Rab7 Qa8 40.
Ra7 Qb8 41. Rab7 Qa8 42. Qxa8 Rxa8 43. f4 fxg4 44. fxg5+ Kf5 45. Rxe7 Rxe7 46.
Rxe7 g3 47. Rh7 Kg4 48. g6 h3 49. g7 Rg8 50. Be3 h2 51. a4 Kf5 52. a5 Rxg7 53.
Rh5+ Kg4 54. Rh8 Ra7 55. Rg8+ Kh3 56. Bf4 h1=Q 57. Rh8+ Kg2 58. Rxh1 Kxh1 59.
Bxg3 Rxa5 60. e4 Kg2 61. Bd6 Kf3 62. exd5 exd5 63. c4 dxc4+ 64. Kxc4 Ke4 65.
Be5 Kf5 66. Kb4 Rb5+ 67. Kc4 Ke6 68. Bh8 Rb1 69. Kc5 Rc1+ 70. Kb6 Kd5 71. Bf6
Rf1 72. Be7 Rb1+ 73. Kc7 Rc1 74. Bf6 Rf1 75. Bh8 Rf8 76. Be5 c5 77. dxc5 Kxe5
0-1

[Event "35 Open Ciudad de San Sebastián"]
[Site "San Sebastian ESP"]
[Date "2012.04.02"]
[Round "4.15"]
[White "Lakunza Oyarbide, Juan Carlos"]
[Black "Bakre, Tejas"]
[Result "0-1"]
[WhiteElo "2111"]
[BlackElo "2513"]
[PlyCount "76"]
[EventDate "2012.03.31"]
[EventType "swiss"]
[EventRounds "9"]
[EventCountry "ESP"]
[Source "lmi"]
[SourceDate "2012.03.31"]

1. d4 Nf6 2. c4 e6 3. Nf3 d5 4. g3 Bb4+ 5. Bd2 Be7 6. Bg2 O-O 7. O-O c6 8. Bf4
b6 9. Nc3 Bb7 10. Rc1 Nh5 11. Be3 Nd7 12. Qa4 a6 13. cxd5 cxd5 14. Ne5 b5 15.
Qb3 Nhf6 16. Bf4 Nb6 17. a4 b4 18. Na2 a5 19. Nxf7 Kxf7 20. Bc7 Qd7 21. Bxb6
Bc6 22. Qe3 Rfb8 23. Bc5 Bxa4 24. b3 Bb5 25. Qd2 Rc8 26. Bxe7 Qxe7 27. Rfe1 Qd7
28. f3 Rxc1 29. Rxc1 Rc8 30. e4 Rxc1+ 31. Nxc1 dxe4 32. fxe4 e5 33. d5 Qa7+ 34.
Qf2 Qc7 35. Ne2 Qc2 36. Bf1 Qxe4 37. d6 Bc6 38. Bg2 Qxg2+ 0-1

[Event "35 Open Ciudad de San Sebastián"]
[Site "San Sebastian ESP"]
[Date "2012.04.02"]
[Round "4.16"]
[White "Moreno Ruiz, Javier"]
[Black "Silva Rodriguez, Julio"]
[Result "1-0"]
[WhiteElo "2513"]
[BlackElo "2121"]
[PlyCount "65"]
[EventDate "2012.03.31"]
[EventType "swiss"]
[EventRounds "9"]
[EventCountry "ESP"]
[Source "lmi"]
[SourceDate "2012.03.31"]

1. c4 Nf6 2. g3 c6 3. Bg2 d5 4. Nf3 dxc4 5. O-O Nbd7 6. Qc2 Nb6 7. Na3 Be6 8.
b3 cxb3 9. axb3 g6 10. d3 Bg7 11. Bb2 O-O 12. Nc4 Qc8 13. Na5 Ne8 14. Rfc1 Nd6
15. Bxg7 Kxg7 16. e4 Rb8 17. d4 Kg8 18. Qd3 Qd8 19. Qe3 f6 20. Ne1 Nb5 21. Rd1
Bf7 22. Bf1 Nd6 23. Nd3 Nd7 24. Bh3 e6 25. Nc5 Re8 26. e5 Nf5 27. Bxf5 exf5 28.
e6 Kg7 29. Naxb7 Qc7 30. d5 cxd5 31. Rxa7 Bg8 32. Na6 Qc8 33. Nd6 1-0

[Event "35 Open Ciudad de San Sebastián"]
[Site "San Sebastian ESP"]
[Date "2012.04.03"]
[Round "5.1"]
[White "Urkedal, Frode"]
[Black "Spraggett, Kevin"]
[Result "0-1"]
[WhiteElo "2460"]
[BlackElo "2584"]
[PlyCount "112"]
[EventDate "2012.03.31"]
[EventType "swiss"]
[EventRounds "9"]
[EventCountry "ESP"]
[Source "lmi"]
[SourceDate "2012.03.31"]

1. d4 Nf6 2. c4 g6 3. Nc3 Bg7 4. e4 d6 5. Nf3 O-O 6. Be2 c5 7. d5 e5 8. O-O Ne8
9. a3 Na6 10. Ne1 f5 11. f3 Nf6 12. Nd3 f4 13. b4 b6 14. Bd2 g5 15. g4 h5 16.
h3 Rf7 17. Rb1 Bf8 18. Kg2 Rh7 19. Qa4 Nd7 20. Qc2 Be7 21. Na2 Nf8 22. bxc5
bxc5 23. Qa4 Nd7 24. Qc6 Rb8 25. Rxb8 Naxb8 26. Qa4 Ba6 27. Qc2 Nb6 28. Nb2 Kg7
29. Qd1 N8d7 30. Rh1 Nf8 31. Nc3 Ng6 32. Nb5 Qd7 33. Qb3 Bd8 34. Be1 Kg8 35.
Bf2 Rh6 36. Na4 Nc8 37. Nac3 Bb6 38. Na4 Qh7 39. Nxb6 axb6 40. Qa4 Qb7 41. Nc3
Nce7 42. Qe8+ Kg7 43. Qd8 Nh8 44. Rb1 Nc8 45. Qxg5+ Rg6 46. Qxh5 Nf7 47. Bxc5
Rh6 48. Qxh6+ Kxh6 49. Bf2 Qc7 50. Na4 Bxc4 51. Bxc4 Qxc4 52. Nxb6 Qa2 53. Rb5
Qe2 54. Rb3 Nxb6 55. Rxb6 Ng5 56. Rb3 Nxh3 0-1

[Event "35 Open Ciudad de San Sebastián"]
[Site "San Sebastian ESP"]
[Date "2012.04.03"]
[Round "5.3"]
[White "Andres Gonzalez, Alberto"]
[Black "Satyapragyan, Swayangsu"]
[Result "1/2-1/2"]
[WhiteElo "2525"]
[BlackElo "2432"]
[PlyCount "27"]
[EventDate "2012.03.31"]
[EventType "swiss"]
[EventRounds "9"]
[EventCountry "ESP"]
[Source "lmi"]
[SourceDate "2012.03.31"]

1. Nf3 Nf6 2. c4 e6 3. g3 d5 4. Bg2 dxc4 5. Qa4+ Nbd7 6. Qxc4 a6 7. Qc2 c5 8.
O-O b6 9. Nc3 Bb7 10. Rd1 Rc8 11. d4 cxd4 12. Nxd4 Bxg2 13. Kxg2 Qc7 14. Qd3
1/2-1/2

[Event "35 Open Ciudad de San Sebastián"]
[Site "San Sebastian ESP"]
[Date "2012.04.03"]
[Round "5.4"]
[White "Alonso Arburu, Juan Ignacio"]
[Black "Libiszewski, Fabien"]
[Result "1-0"]
[WhiteElo "2364"]
[BlackElo "2523"]
[PlyCount "99"]
[EventDate "2012.03.31"]
[EventType "swiss"]
[EventRounds "9"]
[EventCountry "ESP"]
[Source "lmi"]
[SourceDate "2012.03.31"]

1. d4 Nf6 2. c4 g6 3. Nf3 Bg7 4. g3 O-O 5. Bg2 d6 6. O-O Nc6 7. Nc3 Bf5 8. Ne1
Bd7 9. b3 Nh5 10. e3 e5 11. d5 Ne7 12. e4 Kh8 13. Nd3 f5 14. Bg5 Nf6 15. Rc1
fxe4 16. Nxe4 Bg4 17. Qd2 Nxe4 18. Bxe4 Qd7 19. Bxe7 Qxe7 20. f3 Bd7 21. Kg2
Rf7 22. h4 Bf5 23. Nf2 Raf8 24. Rc3 a5 25. Rh1 Bf6 26. Qc2 Qd7 27. h5 Kg8 28.
Qd2 b6 29. a3 Qe7 30. Qc2 Bg5 31. b4 axb4 32. axb4 Rg7 33. hxg6 hxg6 34. c5
bxc5 35. bxc5 dxc5 36. Rb1 Rh7 37. Rb5 Qg7 38. Rbxc5 Qh6 39. Kf1 Be3 40. Bxf5
Bxc5 41. Be6+ Kh8 42. Rxc5 Rxf3 43. Kg2 Rf8 44. Nh3 Qe3 45. Rc3 Qd4 46. Rf3 Rb8
47. Rf2 e4 48. Ng5 Rh5 49. Qxc7 Qb6 50. Qe5# 1-0

[Event "35 Open Ciudad de San Sebastián"]
[Site "San Sebastian ESP"]
[Date "2012.04.03"]
[Round "5.6"]
[White "Rausis, Igor"]
[Black "Moen, Andreas"]
[Result "1-0"]
[WhiteElo "2481"]
[BlackElo "2360"]
[PlyCount "39"]
[EventDate "2012.03.31"]
[EventType "swiss"]
[EventRounds "9"]
[EventCountry "ESP"]
[Source "lmi"]
[SourceDate "2012.03.31"]

1. e4 e5 2. Nf3 Nf6 3. d4 Nxe4 4. Bd3 d5 5. Nxe5 Nd7 6. Nxd7 Bxd7 7. O-O Bd6 8.
c4 c6 9. Nc3 Nxc3 10. bxc3 O-O 11. cxd5 cxd5 12. Qh5 g6 13. Qxd5 Qc7 14. g3 Be6
15. Qf3 Qxc3 16. Rb1 Qxd4 17. Be4 Rae8 18. Bb2 Bg4 19. Bxd4 Bxf3 20. Bxf3 1-0

[Event "35 Open Ciudad de San Sebastián"]
[Site "San Sebastian ESP"]
[Date "2012.04.03"]
[Round "5.7"]
[White "Gonzalez Perez, Arian"]
[Black "Anurag, Mhamal"]
[Result "1-0"]
[WhiteElo "2468"]
[BlackElo "2273"]
[PlyCount "65"]
[EventDate "2012.03.31"]
[EventType "swiss"]
[EventRounds "9"]
[EventCountry "ESP"]
[Source "lmi"]
[SourceDate "2012.03.31"]

1. d4 d5 2. c4 c6 3. cxd5 cxd5 4. Nc3 Nf6 5. Bf4 g6 6. e3 Bg7 7. Nf3 O-O 8. Be2
Nc6 9. O-O Nh5 10. Be5 f6 11. Bg3 Nxg3 12. hxg3 Be6 13. Rc1 Bf7 14. Nd2 e5 15.
Nb3 Rc8 16. Nc5 Qe7 17. Bf3 e4 18. Be2 f5 19. Qd2 g5 20. f4 exf3 21. Bxf3 Rcd8
22. Rce1 Qc7 23. Bd1 b6 24. Nd3 Qxg3 25. Rf3 Qd6 26. Rxf5 Qg6 27. Ref1 Rde8 28.
Bb3 Rxe3 29. Nxd5 Rg3 30. Ne5 Bxe5 31. dxe5 Kh8 32. Qf2 Rxb3 33. axb3 1-0

[Event "35 Open Ciudad de San Sebastián"]
[Site "San Sebastian ESP"]
[Date "2012.04.03"]
[Round "5.9"]
[White "Piasetski, Leon"]
[Black "Moreno Ruiz, Javier"]
[Result "0-1"]
[WhiteElo "2287"]
[BlackElo "2513"]
[PlyCount "236"]
[EventDate "2012.03.31"]
[EventType "swiss"]
[EventRounds "9"]
[EventCountry "ESP"]
[Source "lmi"]
[SourceDate "2012.03.31"]

1. Nf3 c5 2. c4 g6 3. d4 cxd4 4. Nxd4 Nc6 5. e4 Bg7 6. Be3 Nf6 7. Nc3 d6 8. Be2
O-O 9. O-O Bd7 10. Nb3 a5 11. Nd2 Bc8 12. Na4 Nd7 13. Nb3 b6 14. Nd4 Bb7 15. f3
Nc5 16. Nc3 Nxd4 17. Bxd4 Bxd4+ 18. Qxd4 e5 19. Qd2 Qe7 20. Rad1 Rad8 21. Rfe1
Bc6 22. b3 Kg7 23. Bd3 h5 24. Qe3 Rb8 25. Rd2 h4 26. h3 Ne6 27. Red1 Rfd8 28.
Bf1 g5 29. a4 Qc7 30. Kh1 f6 31. Ne2 Be8 32. Rd5 Nc5 33. Nc1 Bf7 34. R5d2 Ne6
35. Nd3 Nd4 36. Nc1 Qc5 37. Ne2 Ne6 38. Qc3 Kf8 39. Rd3 Qc7 40. Qd2 Nc5 41. Re3
Be8 42. Qc2 Ne6 43. Qd2 Rb7 44. Nc3 Qc5 45. Nd5 Kg7 46. Rd3 Bg6 47. Ne3 Rbd7
48. Rc3 Qa3 49. Bd3 Qb4 50. Nd5 Qc5 51. Bb1 Nd4 52. Ne3 Rf7 53. Nc2 Ne6 54. Ne3
Qc8 55. Nd5 Rb7 56. Ne3 Nf4 57. Kh2 Qc5 58. Nd5 Nh5 59. Ne3 Ng3 60. Nf1 Nh5 61.
Ne3 Rbd7 62. Bc2 Kf8 63. Bb1 Bf7 64. Bc2 Be6 65. Bb1 Nf4 66. Bd3 Rf7 67. Nd5
Ng6 68. Bb1 Rc8 69. Ne3 Rd7 70. Rd3 Rcd8 71. Rc3 Kg7 72. Nd5 Rc8 73. Rdc1 Rg8
74. Rd1 Kf7 75. Rd3 Rgd8 76. Rc3 Nf4 77. Nxf4 gxf4 78. Qe1 Rh8 79. Rcd3 Ke7 80.
R3d2 Rdd8 81. Qf2 Rh7 82. Qxc5 bxc5 83. Bc2 Rg7 84. Rf1 Rb8 85. Rfd1 Rb6 86.
Kh1 Rg5 87. Kh2 f5 88. exf5 Bxf5 89. Bxf5 Rxf5 90. Rd3 Rf8 91. R1d2 Rc8 92. Kg1
Rcb8 93. Kf2 Rc6 94. Ke2 Rb4 95. Kd1 Rb8 96. Kc2 Rcb6 97. Rd1 Rg8 98. R1d2 Rg6
99. Re2 Rb8 100. Rdd2 Rbg8 101. Kd3 Rg3 102. Kc2 Ke6 103. Kb2 R3g5 104. Kc2 Kd7
105. Kd3 Rg3 106. Ke4 Ke6 107. Rb2 R3g7 108. Red2 Rg5 109. Re2 R5g6 110. Red2
R6g7 111. Re2 Rb8 112. Kd3 Rb4 113. Kc3 d5 114. cxd5+ Kxd5 115. Re1 Rgb7 116.
Rd2+ Ke6 117. Rde2 Rxb3+ 118. Kc4 R7b4+ 0-1

[Event "35 Open Ciudad de San Sebastián"]
[Site "San Sebastian ESP"]
[Date "2012.04.03"]
[Round "5.10"]
[White "Lopez Martinez, Josep Manuel"]
[Black "Rivero Ojeda, Carmelo"]
[Result "1-0"]
[WhiteElo "2508"]
[BlackElo "2261"]
[PlyCount "75"]
[EventDate "2012.03.31"]
[EventType "swiss"]
[EventRounds "9"]
[EventCountry "ESP"]
[Source "lmi"]
[SourceDate "2012.03.31"]

1. e4 g6 2. d4 Bg7 3. c4 d6 4. Nc3 e5 5. Nge2 Nc6 6. Be3 Nf6 7. f3 O-O 8. d5
Ne7 9. Qd2 Ne8 10. g4 c6 11. h4 f5 12. exf5 gxf5 13. g5 a6 14. f4 Rb8 15. Bg2
cxd5 16. Nxd5 b5 17. cxb5 axb5 18. h5 Be6 19. Nec3 Nc7 20. Nb4 Qd7 21. O-O-O
Rbd8 22. Kb1 Bf7 23. fxe5 Bxe5 24. Bd4 Qe8 25. g6 hxg6 26. Qh6 Bxd4 27. Rxd4
Be6 28. Ncd5 Ncxd5 29. Bxd5 Rf6 30. hxg6 Nxg6 31. Rdd1 Qf7 32. Rdg1 Qg7 33.
Rxg6 Rxg6 34. Bxe6+ Kf8 35. Qh8+ Ke7 36. Nc6+ Kxe6 37. Nxd8+ Kd7 38. Rh7 1-0

[Event "35 Open Ciudad de San Sebastián"]
[Site "San Sebastian ESP"]
[Date "2012.04.03"]
[Round "5.11"]
[White "Bas Mas, Jose Joaquin"]
[Black "Pap, Misa"]
[Result "1/2-1/2"]
[WhiteElo "2227"]
[BlackElo "2501"]
[PlyCount "157"]
[EventDate "2012.03.31"]
[EventType "swiss"]
[EventRounds "9"]
[EventCountry "ESP"]
[Source "lmi"]
[SourceDate "2012.03.31"]

1. e4 c5 2. Nf3 g6 3. d4 Bg7 4. dxc5 Qa5+ 5. Bd2 Qxc5 6. Nc3 Nf6 7. Bd3 d6 8.
O-O O-O 9. b4 Qc7 10. Rc1 Bg4 11. Nb5 Qd8 12. c4 Nc6 13. h3 Bxf3 14. Qxf3 a6
15. Na3 a5 16. b5 Nd4 17. Qe3 Nd7 18. Bc3 Ne6 19. Bxg7 Kxg7 20. Nc2 Qc7 21. f4
Qc5 22. f5 Qxe3+ 23. Nxe3 Nec5 24. Bb1 Nf6 25. Nd5 Nxd5 26. exd5 Nd7 27. Rfe1
Rfe8 28. Kf2 g5 29. Ke3 Rac8 30. Kd4 Kf6 31. Rc3 Rc5 32. Be4 Rec8 33. Rec1 Ne5
34. R1c2 g4 35. hxg4 Nxg4 36. Rh3 h6 37. Bd3 b6 38. Re2 Rg8 39. Re4 Rg5 40. Be2
Ne5 41. Rxh6+ Kg7 42. Reh4 Rxf5 43. Rh7+ Kf6 44. Bd3 Rf2 45. R7h6+ Kg7 46. Rh7+
Kf6 47. R7h6+ Ng6 48. Bxg6 fxg6 49. Rg4 Rxa2 50. Rhxg6+ Kf7 51. Rg7+ Ke8 52.
Re4 Rc7 53. Rg8+ Kd7 54. Rg7 Kc8 55. g4 Rg2 56. Rgxe7 Rxe7 57. Rxe7 Rxg4+ 58.
Kc3 Rg3+ 59. Kb2 Rg8 60. Kc3 Rd8 61. Ra7 Rd7 62. Ra8+ Kb7 63. Re8 Rf7 64. Rd8
Kc7 65. Ra8 Rf3+ 66. Kb2 Rh3 67. Ra7+ Kc8 68. Ra8+ Kb7 69. Rd8 Kc7 70. Ra8 Rh4
71. Kb3 Kb7 72. Rd8 a4+ 73. Kb4 a3 74. Rg8 a2 75. Rg1 Rg4 76. Ra1 Rg2 77. Kb3
Rg3+ 78. Kb4 Rg2 79. Kb3 1/2-1/2

[Event "35 Open Ciudad de San Sebastián"]
[Site "San Sebastian ESP"]
[Date "2012.04.03"]
[Round "5.12"]
[White "De Wachter, Matthias"]
[Black "Elsness, Frode"]
[Result "0-1"]
[WhiteElo "2269"]
[BlackElo "2499"]
[PlyCount "70"]
[EventDate "2012.03.31"]
[EventType "swiss"]
[EventRounds "9"]
[EventCountry "ESP"]
[Source "lmi"]
[SourceDate "2012.03.31"]

1. c4 e5 2. g3 Nf6 3. Bg2 d5 4. cxd5 Nxd5 5. Nc3 Nb6 6. Nf3 Nc6 7. O-O Be7 8.
a3 O-O 9. b4 Be6 10. Rb1 f6 11. d3 Nd4 12. Nd2 c6 13. Nde4 Bf7 14. Nc5 Qc7 15.
e3 Ne6 16. Nb3 Rad8 17. Qe2 Rfe8 18. Rd1 Bf8 19. Bd2 f5 20. Be1 Kh8 21. Na5 Nd7
22. Rdc1 Nf6 23. Na4 Bh5 24. Qc2 e4 25. d4 Ng5 26. Qb3 Nf3+ 27. Bxf3 Bxf3 28.
b5 f4 29. bxc6 b6 30. Nb7 Rd5 31. exf4 Qc8 32. Rc3 Rxd4 33. Nb2 Rd3 34. Rxd3
exd3 35. Nxd3 Qh3 0-1

[Event "35 Open Ciudad de San Sebastián"]
[Site "San Sebastian ESP"]
[Date "2012.04.03"]
[Round "5.13"]
[White "Marzolo, Cyril"]
[Black "Sgnaolin, Davide"]
[Result "1-0"]
[WhiteElo "2441"]
[BlackElo "2254"]
[PlyCount "67"]
[EventDate "2012.03.31"]
[EventType "swiss"]
[EventRounds "9"]
[EventCountry "ESP"]
[Source "lmi"]
[SourceDate "2012.03.31"]

1. d4 Nf6 2. Nf3 e6 3. c4 c5 4. e3 d5 5. Nc3 a6 6. a3 dxc4 7. Bxc4 b5 8. Ba2
Bb7 9. O-O Be7 10. Qe2 O-O 11. Rd1 cxd4 12. exd4 Nd5 13. Ne4 Nd7 14. Bd2 Rc8
15. b4 Qb6 16. Bb1 N5f6 17. Nc5 Rfd8 18. Bg5 Qc6 19. d5 Nxd5 20. Rxd5 Nxc5 21.
Rxc5 Bxc5 22. Bxd8 Bd4 23. Bxh7+ Kxh7 24. Qd3+ Kg8 25. Qxd4 e5 26. Qd1 e4 27.
Ne1 e3 28. fxe3 Qe4 29. Bb6 Rc6 30. Qd8+ Kh7 31. Qd4 Qg6 32. Bc5 Re6 33. Qh4+
Kg8 34. Rd1 1-0

[Event "35 Open Ciudad de San Sebastián"]
[Site "San Sebastian ESP"]
[Date "2012.04.03"]
[Round "5.14"]
[White "Sahl, Sheila Barth"]
[Black "Bellia, Fabrizio"]
[Result "0-1"]
[WhiteElo "2214"]
[BlackElo "2436"]
[PlyCount "122"]
[EventDate "2012.03.31"]
[EventType "swiss"]
[EventRounds "9"]
[EventCountry "ESP"]
[Source "lmi"]
[SourceDate "2012.03.31"]

1. e4 e5 2. Nf3 Nc6 3. Bb5 a6 4. Ba4 Nf6 5. O-O b5 6. Bb3 Bc5 7. Nxe5 Nxe5 8.
d4 Bxd4 9. Qxd4 d6 10. f4 Nc6 11. Qc3 Bb7 12. e5 Ne4 13. Qe3 Ne7 14. Nd2 Nc5
15. f5 Nxb3 16. Nxb3 dxe5 17. Na5 Bd5 18. Qxe5 f6 19. Qg3 O-O 20. Be3 Qd7 21.
Qf4 Rfe8 22. Rad1 Nc6 23. c4 bxc4 24. Nxc4 Qf7 25. b3 Re4 26. Qg3 Rae8 27. Bf2
Bxc4 28. bxc4 Ne5 29. c5 Qxa2 30. Ra1 Qc4 31. Qa3 Ra8 32. h3 Nd3 33. Qa5 Re2
34. Qa4 Qd5 35. Rad1 c6 36. Qa3 Rd8 37. Qxa6 h5 38. Qa5 Kh7 39. Rd2 Rxd2 40.
Qxd2 Qxf5 41. Be3 Qg6 42. Qe2 Rd5 43. Qf3 Ne5 44. Qf5 Qxf5 45. Rxf5 Kg6 46. Rf1
Rd3 47. Bf2 Rc3 48. Rd1 Nd3 49. Bd4 Rb3 50. Rd2 Kf5 51. g4+ Ke4 52. Bf2 Nxf2
53. Kxf2 Rxh3 54. Rd6 hxg4 55. Rxc6 Kf4 56. Rc7 Rh2+ 57. Kg1 Rc2 58. Rxg7 Rxc5
59. Rb7 Rc1+ 60. Kg2 Rc2+ 61. Kg1 f5 0-1